| 000 | 00535nam a2200181Ia 4500 | ||
|---|---|---|---|
| 008 | 210303s9999 xx 000 0 und d | ||
| 016 | _2reto2022b | ||
| 040 |
_aNLN _bEnglish |
||
| 050 |
_aPQ2615.E35 _bM332 |
||
| 082 | _a843.912 | ||
| 100 |
_aHEMON, Louis _d1880-1913 _960164 |
||
| 245 | 0 |
_aMaria Chapdelaine, a tale of the Lake St. John Country / _cLouis Hemon |
|
| 260 |
_aToronto : _bMacMillan, _c1958 |
||
| 300 |
_a198p. _b; 18cm |
||
| 563 | _a(pbk) | ||
| 650 |
_aHémon, Louis, 1880-1913. Maria Chapdelaine _960165 |
||
| 942 | _cBK | ||
| 999 |
_c20605 _d20605 |
||